Méchants De l'Univers Batman - Statistiques

Statistiques générales
  • Ce quiz a été pris 171 fois
    5 depuis la dernière actualisation
  • Le résultat moyen est 21 sur 34
Statistiques - réponses
Par images Réponse % Correct
Bane
100%
Catwoman
100%
Deadshot
100%
Deathstroke
100%
Double-Face
100%
Gueule d'argile
100%
Joker
100%
le Pingouin
100%
l'Epouvantail
100%
Man-Bat
100%
Poison Ivy
100%
Ra's al Ghul
100%
Black Mask
75%
Firefly
75%
Harley Quinn
75%
Killer Croc
75%
le Chapelier Fou
75%
l'Homme Mystère/Sphinx
75%
Mister Freeze
75%
Red Hood
75%
Solomon Grundy
75%
Hugo Strange
50%
Victor Zsasz
50%
Anarky
25%
Calendar Man
25%
Hush
25%
le Ventriloque
25%
Scarface
25%
Talia Al Ghul
25%
Catman
0%
Condiment King
0%
Killer Moth
0%
Polka-Dot Man
0%
Ratcatcher
0%
Aucun quiz correspondant
Distribution des résultats
% des personnes avec chaque résultat
Percentile par nombre de réponses
Votre historique - résultats
Vous n’avez pas pris ce quiz depuis la dernière actualisation